000 00642nam a22002297a 4500
003 UA-OsUOA
001 48028
007 ta
008 20070827b un ||||| |||| 00| 0 ukr d
100 _aСергеев-Ценский С. Н.
090 _a821.161.1
_bС32
942 _cBK
040 _aUA-OsUOA
_bukr
_cUA-OsUOA
_dUA-OsUOA
245 _aСобрание сочинений
_bРассказы и повести, роман
_c1
300 _a672 с.
955 _a3
041 _aukr
080 _a821.161.1
260 _aМ.
_c1956
650 7 _a82 Література. Літературознавство
_2UDC
999 _c334085
_d334085